Normal view MARC view
  • English Literature

Entry Geographic Name

Number of records used in: 2

001 - CONTROL NUMBER

  • control field: 108138

003 - CONTROL NUMBER IDENTIFIER

  • control field: NUST

005 - DATE AND TIME OF LATEST TRANSACTION

  • control field: 20230131083525.0

008 - FIXED-LENGTH DATA ELEMENTS

  • fixed length control field: 230131|| aca||aabn | a|a d

040 ## - CATALOGING SOURCE

  • Original cataloging agency: NUST
  • Transcribing agency: NUST

151 ## - HEADING--GEOGRAPHIC NAME

  • Geographic name: English Literature

670 ## - SOURCE DATA FOUND

  • Source citation: Work cat.: (NUST)330668: Coelho, Paulo 3636, By The River Piedra I Sat Down & Wept / , 1999
© 2023 Central Library, National University of Sciences and Technology. All Rights Reserved.